[Event "EU-ch U08"]
[Site "Prague"]
[Date "2024.08.30"]
[Round "8"]
[White "Zolotarev, Iaroslav"]
[Black "Badescu, Matei Andrei"]
[Result "0-1"]
[WhiteElo "1569"]
[BlackElo "1791"]
[PlyCount "60"]
[EventDate "2024.08.22"]
[EventType "swiss"]
[EventRounds "9"]
[EventCountry "CZE"]
[SourceTitle "CB36_2024"]
[SourceDate "2024.09.04"]
[SourceVersion "1"]
[SourceVersionDate "2024.09.04"]
[SourceQuality "1"]

1. d4 d5 2. c4 e6 3. Nc3 Nf6 4. cxd5 exd5 5. Bg5 c6 6. e3 Be7 7. Bd3 0-0 8. Qc2 Nbd7 9. Nge2 h6 10. Bh4 Re8 11. 0-0 Nf8 12. f3 c5 13. Bf2 g6 14. Rad1 c4 15. Bxc4 dxc4 16. e4 Bb4 17. Nb5 a6 18. Nbc3 b5 19. f4 Bxc3 20. Nxc3 b4 21. e5 bxc3 22. Bh4 Bf5 23. Qe2 c2 24. Rd2 Qb6 25. Bxf6 Qxf6 26. exf6 Rxe2 27. Rxe2 Bd3 28. Ree1 Bxf1 29. Kxf1 Rb8 30. b3 cxb3 0-1

[Event "EU-ch U08"]
[Site "Prague"]
[Date "2024.08.26"]
[Round "5"]
[White "Arsenijevic, Matija"]
[Black "Zolotarev, Iaroslav"]
[Result "1-0"]
[WhiteElo "1760"]
[BlackElo "1569"]
[PlyCount "69"]
[EventDate "2024.08.22"]
[EventType "swiss"]
[EventRounds "9"]
[EventCountry "CZE"]
[SourceTitle "CB36_2024"]
[SourceDate "2024.09.04"]
[SourceVersion "1"]
[SourceVersionDate "2024.09.04"]
[SourceQuality "1"]

1. d4 d5 2. c4 e6 3. Nc3 c6 4. Bf4 Nf6 5. e3 Nbd7 6. cxd5 exd5 7. Bd3 Be7 8. Nf3 Nh5 9. Be5 f6 10. Bg3 Nxg3 11. hxg3 Nf8 12. Qc2 Qb6 13. Nh4 Rg8 14. Nf5 Bxf5 15. Bxf5 g6 16. Bd3 0-0-0 17. 0-0-0 h5 18. Nxd5 Rxd5 19. Bc4 Kb8 20. e4 Rxd4 21. Rxd4 Qxd4 22. Bxg8 Bc5 23. Rf1 g5 24. Qd2 Qxd2+ 25. Kxd2 Ng6 26. Bf7 Ne5 27. Bxh5 Nc4+ 28. Kc3 Nd6 29. Kd3 Kc7 30. f4 gxf4 31. gxf4 f5 32. exf5 Nxf5 33. Re1 Kd6 34. Bg4 Ne3 35. Rxe3 1-0